| 000 | 00725nam a2200253Ia 4500 | ||
|---|---|---|---|
| 001 | dia_2527 | ||
| 003 | CHAP | ||
| 005 | 20240617140435.0 | ||
| 008 | 220117s1997 xx 000 0 und d | ||
| 010 | _a173048 | ||
| 020 | _a84-291--7454-0 | ||
| 040 | _cCHAP | ||
| 082 | _a574.192 P3 | ||
| 100 |
_aParés I Farras, Ramón _9153083 |
||
| 245 |
_aBioquímica de los Microorganismos / _c por Ramón Parés I Farras y Antonio Juaréz Jiménez |
||
| 260 |
_aBarcelona (España) : _b Reverte, _c1997 |
||
| 300 | _a380 p. | ||
| 503 | _aI. 209153 | ||
| 650 | 0 |
_aBioquímica _9139215 |
|
| 901 | _a574.192 P3 | ||
| 902 | _aM | ||
| 905 | _a0000001997 SP X 0000000000SPA00 | ||
| 942 |
_cLIBRO _2ddc |
||
| 999 |
_c173048 _d173048 |
||